Central Library OPAC University of Rajshahi

A sketch of mediaeval philosophy / (Record no. 28204)

MARC details
000 -LEADER
fixed length control field 00674cam a2200241 4500
001 - CONTROL NUMBER
control field 28204
003 - CONTROL NUMBER IDENTIFIER
rucl marc code BD-RjUL
005 - DATE AND TIME OF LATEST TRANSACTION
control field 20211209051242.0
008 - FIXED-LENGTH DATA ELEMENTS--GENERAL INFORMATION
fixed length control field 140329t19471947u b 001 0 eng
035 ## - SYSTEM CONTROL NUMBER
System control number (BD-RjUL)28285
040 ## - CATALOGING SOURCE
Original cataloging agency DLC
Transcribing agency DLC
Modifying agency DLC
Language of cataloging eng
041 ## - LANGUAGE CODE
Language code of text/sound track or separate title eng
082 00 - DEWEY DECIMAL CLASSIFICATION NUMBER
Classification number 189.4
Author mark and year has 1947
100 1# - MAIN ENTRY--PERSONAL NAME
Personal name Hawkins, D. J. B.
Fuller form of name (Denis John Bernard),
Dates associated with a name 1906-
9 (RLIN) 86375
245 12 - TITLE STATEMENT
Title A sketch of mediaeval philosophy /
Statement of responsibility, etc. D. J. B. Hawkins.
260 ## - PUBLICATION, DISTRIBUTION, ETC. (IMPRINT)
Place of publication, distribution, etc. London :
Name of publisher, distributor, etc. sheeds & ward,
Date of publication, distribution, etc. c1947
300 ## - PHYSICAL DESCRIPTION
Pagination 148 p. ;
Size 22 cm.
504 ## - BIBLIOGRAPHY, ETC. NOTE
Bibliography, etc includes index
650 #0 - SUBJECT ADDED ENTRY--TOPICAL TERM
Topical term or geographic name as entry element Philosophy, Medieval.
9 (RLIN) 86376
942 ## - ADDED ENTRY ELEMENTS (KOHA)
Source of classification or shelving scheme Dewey Decimal Classification
Koha item type Books
Holdings
Lost status Source of classification or shelving scheme Damaged status Not for loan Collection code Permanent Location Current Location Shelving location Date acquired Source of acquisition Cost, normal purchase price Total Checkouts Full call number Date last seen Copy number Koha item type
  Dewey Decimal Classification   Added to bundle Non-fiction Central Library, University of Rajshahi Central Library, University of Rajshahi Reading Room 11/03/1963 Zeitlinger 6.00   189.4 has 1947 29/03/2014 C-1 Books